000 00809nam a22002891c 4500
001 272642622
008 120716s1997 gw |||| 000u ger d
020 _a3486563297
_93-486-56329-7
041 _ager
100 1 _aManer, Hans-Christian
245 0 0 _aParlamentarismus in Rumänien (1930 - 1940) :
_bDemokratie im autoritären Umfeld
264 _aMünchen :
_bOldenbourg,
_c1997
300 _a608 S.
502 _aZugl.: Mainz, Univ., Diss., 1996
650 0 _aPolitische Kultur
650 0 _aKonstitutionalismus
650 0 _aMonarchie
650 0 _aParlament
650 0 _aNationalitätenpolitik
651 0 _aRumänien
651 0 _aBalkan
655 0 _aHochschulschrift
942 _cMG
040 _cRU-10907106
003 RU-10907106
999 _c35263
_d35263
490 0 _aSüdosteuropäische Arbeiten
_v101